000 00818nas a2200253Ia 4500
001 R415/38232
003 IT-RoPAU
008 151124c99999999xx |||||||||||| ||und||
040 _aIT-RoPAU
040 _cIT-RoPAU
041 _aFRANCESE
100 _aHirsch Jean Francois
_gCodice Aut. SPICS: 24005
210 _aMUSIQUE EN JEU
222 _aMusique En Jeu
245 _aMUSIQUE EN JEU (01) LA MUSIQUE AUJOURD'HUI?
_bOreille Froide (L')
250 _a1a ed.
260 _aPARIS
_bSEUIL
_c1970
501 _bPaulus - SPICS - Società San Paolo EM (non-commercial uses only)
_cCopyright2015
300 _a8 p. [95-102]
362 _aVOL.01,
500 _aFin-Des-Concertitudes Cloture-Regle-Et-Discipline Fin-Des-Trous-De-Serruremalraux-Et-Mao
650 _aMUSICA
_vPUBBLICAZIONE PERIODICA
942 _cCR
999 _c181803
_d181803